Designing of an energy efficient small reverse osmosis underground water desalination plant / (Record no. 25265)
[ view plain ]
| 000 -LEADER | |
|---|---|
| fixed length control field | 00833ntm a22002177a 4500 |
| 005 - DATE AND TIME OF LATEST TRANSACTION | |
| control field | 20170813140807.0 |
| 008 - FIXED-LENGTH DATA ELEMENTS--GENERAL INFORMATION | |
| fixed length control field | 170802s2013 xx a frb 000 0 eng d |
| 040 ## - CATALOGING SOURCE | |
| Original cataloging agency | EG-ScBUE |
| Language of cataloging | eng |
| Transcribing agency | EG-ScBUE |
| 082 04 - DEWEY DECIMAL CLASSIFICATION NUMBER | |
| Edition number | 22 |
| Classification number | 621 |
| Item number | DES |
| 245 00 - TITLE STATEMENT | |
| Title | Designing of an energy efficient small reverse osmosis underground water desalination plant / |
| Statement of responsibility, etc | Amr Mohamed Fathi...[et al.]. |
| 260 ## - PUBLICATION, DISTRIBUTION, ETC. (IMPRINT) | |
| Date of publication, distribution, etc | 2013. |
| 300 ## - PHYSICAL DESCRIPTION | |
| Extent | vii, 33 p. : |
| Other physical details | ill. (col.) ; |
| Dimensions | 28 cm. |
| 500 ## - GENERAL NOTE | |
| General note | A design group submitted to the Faculty of engineering, the British University in Egypt,in partial fulfillment of the requirement for the bachelor degree in mechanical engineering |
| 590 ## - LOCAL NOTE (RLIN) | |
| Local note | nagwa |
| 650 #7 - SUBJECT ADDED ENTRY--TOPICAL TERM | |
| Source of heading or term | BUEsh |
| Topical term or geographic name as entry element | Mechanical Engineering |
| Form subdivision | Projects |
| 653 ## - INDEX TERM--UNCONTROLLED | |
| Resource For college | Engineering, Mechanical |
| Arrived date list | August2017 |
| 655 ## - INDEX TERM--GENRE/FORM | |
| Form subdivision | |
| 700 1# - ADDED ENTRY--PERSONAL NAME | |
| Personal name | Abbdel kader,Amr. |
| Relator term | the |
| 777 ## - TEST | |
| tEST | |
| 942 ## - ADDED ENTRY ELEMENTS (KOHA) | |
| Source of classification or shelving scheme | Dewey Decimal Classification |
| Withdrawn status | Lost status | Source of classification or shelving scheme | Damaged status | Not for loan | Home library | Current library | Shelving location | Date acquired | Total Checkouts | Full call number | Barcode | Date last seen | Koha item type |
|---|---|---|---|---|---|---|---|---|---|---|---|---|---|
| Dewey Decimal Classification | Central Library | Central Library | Second Floor | 08/08/2017 | 621 FAT | 000046702 | 15/07/2025 | Projects - Students (NB) |